| 000 | 00635nam a2200241 a 4500 | ||
|---|---|---|---|
| 001 | 0001-1063 | ||
| 003 | ELIB.Books | ||
| 008 | 141212 2010 eng | ||
| 020 | _aKBTS | ||
| 035 | _a(ELIB.Books)0001-1218 | ||
| 092 |
_a201 _bKee |
||
| 100 | _aKeenan, Marjorie. | ||
| 245 | _aCare for Creation: Human Activity and the Environment | ||
| 260 |
_aVatican City _bLibreria Editrice Vaticana _c2000 |
||
| 300 |
_a108 _c21 Cm |
||
| 500 | _aC/o Par Mar Bwe` | ||
| 650 | _aCreation | ||
| 856 |
_nKBTS; Library _uKBTS; Elib. |
||
| 942 |
_2ddc _cBK |
||
| 990 | _a1 | ||
| 998 |
_cbat _e2014-12-12 |
||
| 999 |
_c11063 _d11063 |
||